| 000 | 00422cam a22001457a 4500 | ||
|---|---|---|---|
| 008 | 180718b1972 xxu||||| |||| 00| 0 eng d | ||
| 082 | _aT1 K953e | ||
| 100 | _aKudsia, Jitendra | ||
| 245 |
_aEconomic theory and tax practices _cby Jitendra Kudsia, Rajendra Jain and S.C.L. Batra |
||
| 260 |
_aDelhi _bOxford and IBH _c1972 |
||
| 300 | _a502p. | ||
| 650 | _aEconomics | ||
| 700 | _aBatra, S.C.L. | ||
| 700 | _aJain, Rajendra | ||
| 999 |
_c348827 _d348827 |
||